书目信息 |
| 题名: |
微囊藻毒素及其毒理学研究
|
|
| 作者: | 李效宇, 编著 | |
| 分册: | ||
| 出版信息: | 北京 科学出版社 2007.04 |
|
| 页数: | 131页 | |
| 开本: | 24cm | |
| 丛书名: | ||
| 单 册: | ||
| 中图分类: | R996.2 | |
| 科图分类: | ||
| 主题词: | 藻类--zao lei--毒素--研究 | |
| 电子资源: | ||
| ISBN: | 978-7-03-017863-3 | |
| 000 | 00990nam0 2200265 450 | |
| 001 | 012007384575 | |
| 005 | 20071008104230.81 | |
| 010 | @a978-7-03-017863-3@dCNY35.00 | |
| 100 | @a20070803d2007 km y0chiy0120 ea | |
| 101 | 0 | @achi |
| 102 | @aCN@b110000 | |
| 105 | @aa a 000yy | |
| 200 | 1 | @a微囊藻毒素及其毒理学研究@Awei nang zao du su ji qi du li xue yan jiu@f李效宇编著@Fli xiao yu bian zhu |
| 210 | @a北京@c科学出版社@d2007.04 | |
| 215 | @a131页@c图@d24cm | |
| 300 | @a河南省高等学校杰出科研人才创新工程项目(2006KYCX021) 河南师范大学学术著作出版基金重点资助 | |
| 312 | @a英文并列题名取自书中。 | |
| 320 | @a有书目。 | |
| 330 | @a本书全面系统地介绍了微囊藻毒素近年来的研究成果和进展以及未来的研究方向和重点,内容翔实,新颖,而且多数专业词汇都有英文。 | |
| 510 | 1 | @aStudy on the toxicology of microcystins@zeng |
| 606 | 0 | @a藻类@Azao lei@x毒素@x研究 |
| 690 | @aR996.2@v4 | |
| 701 | 0 | @a李效宇,@Ali xiao yu@f1965- @4编著 |
| 801 | 0 | @aCN@c20071008 |
| 905 | @dR996.2@eL298 | |
| 微囊藻毒素及其毒理学研究/李效宇编著.-北京:科学出版社,2007.04 |
| 131页:图;24cm |
| 河南省高等学校杰出科研人才创新工程项目(2006KYCX021) 河南师范大学学术著作出版基金重点资助 |
| ISBN 978-7-03-017863-3:CNY35.00 |
| 本书全面系统地介绍了微囊藻毒素近年来的研究成果和进展以及未来的研究方向和重点,内容翔实,新颖,而且多数专业词汇都有英文。 |
| ● |
| 相关链接 |
|
|
|
正题名:微囊藻毒素及其毒理学研究
索取号:R996.2/L298
 
预约/预借
| 序号 | 登录号 | 条形码 | 馆藏地/架位号 | 状态 | 备注 |
| 1 | 250637 | 202506378 | 自科库401/401自科库 23排4列2层/ [索取号:R996.2/L298] | 在馆 | |
| 2 | 250638 | 202506387 | 自科库401/401自科库 23排4列2层/ [索取号:R996.2/L298] | 在馆 |